Los pagano : Constructores de la bahía
Guardado en:
| Formato: | Libro |
|---|---|
| Idioma: | Spanish |
| Publicado: |
Bahía Blanca :
Asociación Italiana Lucana de Bahía Blanca,
2008
|
| Etiquetas: |
Agregar Etiqueta
Sin Etiquetas, Sea el primero en etiquetar este registro!
|
| LEADER | 00377nam a22001215a 4500 | ||
|---|---|---|---|
| 001 | DER.der010375 | ||
| 005 | 20101028000000.0 | ||
| 008 | 180615s2008####||||||||||||||||||||spa|| | ||
| 245 | 1 | 0 | |a Los pagano : |b Constructores de la bahía |
| 260 | |a Bahía Blanca : |b Asociación Italiana Lucana de Bahía Blanca, |c 2008 | ||
| 300 | 0 | |a 32 min. Documental | |
| 309 | |a DVD | ||
| 859 | |a DERECHO |b BIB. DERECHO |p 006436 | ||
